000 01563nam a2200373 c 4500
003 BLK
005 20180420224621.0
008 180408b bul|||||r ||||||| ||bul||
010 _aKNG00086121000
020 _a978-954-28-0046-0
_bиздат.: Сиела Софт енд Паблишинг - (грешен)
040 _aBLK
041 _aBUL
_cBUL
080 _aОсновни задачи на общественото управление
_b351
_x:342.9(497.2)(094.4)
_z351:342.9(497.2)(094.4)
110 1 _aБългария. Закони и др. п.
_9243213
139 _aБългария. Закони и др. п.
_bБ 92
245 1 0 _aАдминистративнопроцесуален кодекс
_bСб. нормат. актове
250 _a2. доп. изд.
257 _aBGR
260 София
_bСиела Софт енд Паблишинг
_c2008
300 _a244 с.
_c20 см
380 _a3
500 _a1. изд. 2007. - Офс. изд.
590 _aф
650 4 _aАдминистративно право - България - законодателни и директивни материали
_9244950
650 4 _aАдминистративно право - България - нормативни актове
_9242542
651 4 _aБългария
_9241624
653 _aадминистративен процес
653 _aнормативни документи
852 _aЦб 241674
856 4 _qpdf
_u
856 4 _qpdf
_u
942 _cKNG
_n0
_01
944 _aCR
_c31.10.2008
_kВаля_Йорданова
944 _aED
_c16.11.2009
_k
999 _c81617
_d81617